Liste des 23 - Equipe de France - Coupe du monde 2002 - Statistiques

Statistiques générales
  • Ce quiz a été pris 290 fois
  • Le résultat moyen est 19 sur 24
Statistiques - réponses
Poste Numéro Joueurs Club % Correct
G 16 Fabien Barthez Manchester United
99%
BU 12 Thierry Henry Arsenal
98%
MOC 10 Zinédine Zidane Real Madrid
98%
DG 3 Bixente Lizarazu Bayern Munich
97%
BU 20 David Trezeguet Juventus Turin
96%
DD 15 Lilian Thuram Juventus Turin
95%
MDC 4 Patrick Vieira Arsenal
93%
G 23 Grégory Coupet Olympique lyonnais
92%
MDC 7 Claude Makelele Real Madrid
88%
DC 8 Marcel Desailly Chelsea
88%
BU 9 Djibril Cissé AJ Auxerre
86%
DD 19 Willy Sagnol Bayern Munich
85%
MC 17 Emmanuel Petit Chelsea
83%
DC 18 Frank Lebœuf Olympique de Marseille
79%
AT 11 Sylvain Wiltord Arsenal
76%
DG 2 Vincent Candela AS Rome
71%
AT 21 Christophe Dugarry Girondins de Bordeaux
70%
G 1 Ulrich Ramé Girondins de Bordeaux
67%
MOC / AT 6 Youri Djorkaeff Bolton Wanderers
67%
DC 13 Mikaël Silvestre Manchester United
60%
SEL / Roger Lemerre /
57%
MC 14 Alain Boghossian Parme FC
54%
MC 22 Johan Micoud Parme FC
47%
DC 5 Philippe Christanval FC Barcelone
37%
Aucun quiz correspondant
Distribution des résultats
% des personnes avec chaque résultat
Percentile par nombre de réponses
Votre historique - résultats
Vous n’avez pas pris ce quiz